Statistics for U.S. Sports Trivia #1

Click here to take the quiz!

General Stats

  • This quiz has been taken 21,054 times
  • The average score is 10 of 20

Answer Stats

QuestionAnswer% Correct
What basketball player is famous for his unibrow?Anthony Davis
82%
What quarterback announced his retirement in 2008, 2009, and 2011?Brett Favre
81%
Who committed the infamous "butt fumble"?Mark Sanchez
67%
What company sponsors an all-star game for the country's best high
school basketball players?
McDonald's
67%
What football stadium sheltered thousands of people during Hurricane Katrina?The Superdome
66%
Other than the U.S., what country is the birthplace of the most current MLB players?Dominican Republic
62%
Until 1992, what would you get in a pack of Topps baseball cards? (besides baseball cards)Gum
59%
Who was considered the best player of college basketball's "Fab Five"?Chris Webber
54%
What is the hockey equivalent of the Final Four?The Frozen Four
52%
What is the only major pro sports team that is non-profit?Green Bay Packers
49%
What running back ran a 4.24 in the NFL combine in 2008, tying the all-time record,
and then rushed for over 2000 yards in the 2009 season?
Chris Johnson
48%
Who famously screams "It's March Madness, baby"?Dick Vitale
45%
Who stole 130 bases in 1982?Rickey Henderson
44%
What was the nickname of 6'9" football player Ed Jones?Too Tall
44%
What football play is also a word that means "to illegally sell alcohol"?Bootleg
42%
Who said "90% of the game is half mental"?Yogi Berra
40%
What was Bear Bryant's real first name?Paul
25%
What Yankees second baseman had a bad case of the yips in the late 1990s?Chuck Knoblauch
15%
What American woman has held the record for the heptathlon for over 25 years?Jackie
Joyner-Kersee
12%
What DIII college has set basketball scoring records by rapidly shooting threes
and not playing defense?
Grinnell
6%

Score Distribution

Percentile by Number Answered

Percent of People with Each Score

Your Score History

You have not taken this quiz